El delito de publicidad falsa : (Registro nro. 49679)
[ vista simple ]
| 000 -LEADER | |
|---|---|
| fixed length control field | 01150nam a2200265 4500 |
| 001 - CONTROL NUMBER | |
| control field | 0000020709 |
| 003 - CONTROL NUMBER IDENTIFIER | |
| control field | CO-CtgCURN |
| 005 - DATE AND TIME OF LATEST TRANSACTION | |
| control field | 20250826223709.0 |
| 008 - FIXED-LENGTH DATA ELEMENTS--GENERAL INFORMATION | |
| fixed length control field | 160627s2002 000 0 eng d |
| 020 ## - INTERNATIONAL STANDARD BOOK NUMBER | |
| International Standard Book Number | 8476769350 |
| 040 ## - CATALOGING SOURCE | |
| Original cataloging agency | CO-CtgCURN |
| Language of cataloging | spa |
| Transcribing agency | coctgcurn |
| 082 0# - DEWEY DECIMAL CLASSIFICATION NUMBER | |
| Classification number | 343.946 |
| Item number | M67e |
| 100 1# - MAIN ENTRY--PERSONAL NAME | |
| Personal name | Moreno y Bravo, Emilio. |
| 245 13 - TITLE STATEMENT | |
| Title | El delito de publicidad falsa : |
| Remainder of title | el articulo 282 del CP 1995, la protección penal de los consumidores frente a la actividad publicitaria falaz / |
| Statement of responsibility, etc. | Emilio Moreno y Bravo. |
| 260 ## - PUBLICATION, DISTRIBUTION, ETC. | |
| Place of publication, distribution, etc. | Barcelona : |
| Name of publisher, distributor, etc. | Editorial Bosch, |
| Date of publication, distribution, etc. | 2002. |
| 300 ## - PHYSICAL DESCRIPTION | |
| Extent | 162 p. |
| 336 ## - CONTENT TYPE | |
| Source | rdacontent |
| 337 ## - MEDIA TYPE | |
| Source | rdamedia |
| Media type term | sin mediacion |
| Media type code | n |
| 338 ## - CARRIER TYPE | |
| Source | rdacarrier |
| Carrier type term | volumen |
| Carrier type code | nc |
| 505 8# - FORMATTED CONTENTS NOTE | |
| Formatted contents note | El bien juridico protegido.--Tecnicas de tipificacion delito de peligro hipotetico.--Derecho penal comparado.--El delito de lesiones.--El tipo agravado facultativo del Art.148 CP.--Los tipos agravados de resultado diferenciado de los art.149 y 150 CP |
| 650 #0 - SUBJECT ADDED ENTRY--TOPICAL TERM | |
| Topical term or geographic name entry element | Delitos publicitarios. |
| 908 ## - PUT COMMAND PARAMETER (RLIN) | |
| Put command parameter | 160627 |
| 942 ## - ADDED ENTRY ELEMENTS (KOHA) | |
| Koha item type | Libros |
| Classification part | 343.946 |
| Item part | M67e |
| Source of classification or shelving scheme | Dewey Decimal Classification |
| 999 ## - SYSTEM CONTROL NUMBERS (KOHA) | |
| -- | 1 |
| Withdrawn status | Lost status | Source of classification or shelving scheme | Damaged status | Not for loan | Home library | Current library | Shelving location | Date acquired | Total checkouts | Full call number | Barcode | Date last seen | Price effective from | Koha item type |
|---|---|---|---|---|---|---|---|---|---|---|---|---|---|---|
| Dewey Decimal Classification | Miguel Henríquez Castañeda | Miguel Henríquez Castañeda | General | 03/04/2019 | 343.946 M67e | 004441 | 03/04/2019 | 03/04/2019 | Libros |